00351nam a2200145Ia 4500008004000000041000800040082001300048100002500061245002400086260003800110300001200148650001400160650001400174700001700188210210b1953 xxu||||| |||| 00| 0 eng d aeng a546 BARI aBARNETT (E de Barry) aInorganic chemistry aLondonbLongmans Green & Coc1953 axiv,512 aInorganic achemistry aWILSON (C L)